00817cam a2200205 a 450000100100000000500170001000800410002702000150006804000250008304100130010808200180012110000290013924501720016826000680034030000210040853400960042965000240052570000370054970000250058600000280620200929150247.0830209s1991 pr b s001 0 spa  a0847736148 aDO-SdBNPbspacBNPHU17aspaheng a801.95bM266v1 aMan, Paul ded1919-1983.10aVisión y ceguera :bensayos sobre la retórica de la crítica contemporánea /cPaul de Man ; edición y traducción, Hugo Rodríguez Vecchini y Jacques Lezra. aRío Piedra, Puerto Rico :bUniversidad de Puerto Rico,c1991. a365 p. ;c23 cm. aTítulo original: Blindness and insight, essays in the rhetoric of contemporary criticism. 4aCrítica literaria1 aRodríguez Vecchini, Hugo,etr.1 aLezra, Jacques,etr.